Deberes del Jefe de Batallón en tiempo de paz y en tiempo de guerra / (Record no. 26095)

MARC details
000 -LEADER
campo de control de longitud fija 00554nam a2200169 i 4500
001 - NÚMERO DE CONTROL
campo de control 26095
003 - IDENTIFICADOR DE NÚMERO DE CONTROL
campo de control ES-MaACL
005 - FECHA Y HORA DE LA ÚLTIMA TRANSACCIÓN
campo de control 20230906153403.0
007 - CAMPO FIJO DE DESCRIPCIÓN FÍSICA--INFORMACIÓN GENERAL
campo de control de longitud fija t|
008 - DATOS DE LONGITUD FIJA--INFORMACIÓN GENERAL
campo de control de longitud fija 030107s1883 sp ||||1| spa d
100 1# - ENTRADA PRINCIPAL--NOMBRE DE PERSONA
Nombre de persona Arnim, Richard von.
9 (RLIN) 23098
245 10 - MENCIÓN DEL TÍTULO
Título Deberes del Jefe de Batallón en tiempo de paz y en tiempo de guerra /
Mención de responsabilidad, etc. por Vvon Arnim ; versión de A. Hernández Pérez.
260 ## - PUBLICACIÓN, DISTRIBUCIÓN, ETC.
Lugar de publicación, distribución, etc. Madrid :
Nombre del editor, distribuidor, etc. [s.n.,
Fecha de publicación, distribución, etc. 1883]
300 ## - DESCRIPCIÓN FÍSICA
Extensión 221 p., [1] h. de plan. ;
Dimensiones 16 cm.
700 0# - ENTRADA AGREGADA--NOMBRE PERSONAL
Nombre de persona Pérez Hernández, Antonio.
9 (RLIN) 90930
852 ## - LOCALIZACIÓN
Ubicación ES-MaACL
Número de control de estantería T-406-F-6
Holdings
Estatus retirado Estado de pérdida Estado de daño No para préstamo Colección Biblioteca de origen Biblioteca actual Ubicación en estantería Fecha de adquisición Fuente de adquisición Total de préstamos Signatura topográfica completa Código de barras Visto por última vez Precio de reemplazo Tipo de ítem Koha
        Colección de folletos Biblioteca del Ateneo de Madrid Biblioteca del Ateneo de Madrid Depósito folletos 17/01/2008     T-406-F-6 1026930 23/02/2023 23/02/2023 Folleto